Morza Europa - Statystyki

Ogólne statystyki
  • Ten quiz został rozwiązany 53 razy
  • Średni wynik to 7 z 15
Statystyki odpowiedzi
Obrazkowy Odpowiedź % Poprawnych
Bałtyckie
88%
Czarne
84%
Śródziemne
84%
Północne
72%
Norweskie
59%
Adriatyckie
56%
Egejskie
47%
Białe
38%
Jońskie
31%
Tyrreńskie
28%
Azowskie
25%
Barentsa
25%
Irlandzkie
25%
Marmara
25%
Liguryjskie
16%
Nie znaleziono quizów pasujących do podanych kryteriów
Rozkład punktacji
Procent ludzi z każdym wynikiem
Percentyl według liczby udzielonych odpowiedzi
Twoja historia wyników
Nie rozwiązałeś tego quizu